| 000 | 00939cam a22002775a 4500 | ||
|---|---|---|---|
| 001 | 18230205 | ||
| 005 | 20170911104644.0 | ||
| 008 | 140716s2014 enka frb 001 0 eng d | ||
| 020 | _a9781848217898 | ||
| 040 |
_aDLC _beng _cDLC _dDLC _dEG-ScBUE |
||
| 082 | 0 | 4 |
_222 _a001.64404 _bREA |
| 245 | 0 | 0 |
_aReal-time systems scheduling / _cedited by Maryline Chetto. |
| 260 |
_aLondon : _bISTE ; _aHoboken : _bJohn Wiley & Sons ; _c2014. |
||
| 300 |
_axx, 250 p. : _bill. ; _c24 cm. |
||
| 490 | 0 | _aNetworks and telecommunications series. | |
| 500 | _aIndex : p. [249]-250. | ||
| 504 | _aIncludes bibliographical references. | ||
| 505 | 0 | _av. 1. Focuses -- v. 2. Fundamentals. | |
| 650 | 7 |
_2BUEsh _923169 _aReal-time data processing. |
|
| 650 | 0 |
_2BUEsh _aReal-time control. |
|
| 650 | 0 |
_2BUEsh _aComputer scheduling. |
|
| 651 | _2BUEsh | ||
| 653 |
_bCOMSCI _cOctober2016 _cSeptember2017 |
||
| 700 | 1 |
_aChetto, Maryline, _eeditor. |
|
| 942 | _2ddc | ||
| 999 |
_c22711 _d22683 |
||